AEW & NJPW Forbidden Door 2025 Card - Statistics

General Stats
  • This quiz has been taken 67 times
  • The average score is 38 of 62
Answer Stats
Answer % Correct
Adam Page
98%
Will Ospreay
98%
Kazuchika Okada
96%
MJF
96%
Jon Moxley
94%
Matt Jackson
94%
Swerve Strickland
94%
Kenny Omega
92%
Mercedes Moné
92%
Nick Jackson
92%
Toni Storm
92%
Bandido
88%
Brody King
88%
Cash Wheeler
88%
Dax Harwood
88%
Kyle Fletcher
88%
Darby Allin
85%
Hiroshi Tanahashi
85%
Bobby Lashley
83%
Claudio Castagnoli
83%
Shelton Benjamin
83%
Zack Sabre Jr.
83%
Athena
81%
Kota Ibushi
79%
Samoa Joe
79%
Gabe Kidd
77%
Powerhouse Hobbs
77%
Katsuyori Shibata
75%
Nigel McGuinness
73%
Adam Copeland
71%
Christian Cage
71%
Kris Statlander
65%
Hiromu Takahashi
60%
Killswitch
60%
Alex Windsor
56%
Willow Nightingale
52%
Thekla
50%
Kip Sabian
48%
Megan Bayne
48%
Bozilla
46%
Harley Cameron
46%
Julia Hart
46%
Mike Bailey
46%
Kevin Knight
42%
Ricochet
42%
Roderick Strong
42%
Skye Blue
42%
Queen Aminata
40%
Kyle O'Reilly
38%
Persephone
38%
Hechicero
33%
Lance Archer
29%
Bishop Kaun
27%
Clark Connors
27%
Drilla Maloney
27%
Robbie X
27%
Toa Liona
25%
Michael Oku
23%
El Desperado
21%
Lio Rush
19%
Action Andretti
15%
Yuya Uemura
10%
No matching quizzes found
Score Distribution
Percent of People with Each Score
Percentile by Number Answered
Your Score History
You have not taken this quiz